Dinosaurs, dinosaurs / (Record no. 470)

MARC details
000 -LEADER
fixed length control field 00804nam a22002537a 4500
005 - DATE AND TIME OF LATEST TRANSACTION
control field 20250814144516.0
020 ## - INTERNATIONAL STANDARD BOOK NUMBER
International Standard Book Number 9780590453608
040 ## - CATALOGING SOURCE
Original cataloging agency DLC
Transcribing agency DLC
Modifying agency DLC
Language of cataloging eng
050 00 - LIBRARY OF CONGRESS CALL NUMBER
Classification number PZ7.B2848
Item number Di 1989
082 00 - DEWEY DECIMAL CLASSIFICATION NUMBER
Classification number 567.9
Edition number 19
100 1# - MAIN ENTRY--PERSONAL NAME
Personal name Barton, Byron.
245 10 - TITLE STATEMENT
Title Dinosaurs, dinosaurs /
Statement of responsibility, etc. by Byron Barton.
250 ## - EDITION STATEMENT
Edition statement 1st ed.
260 ## - PUBLICATION, DISTRIBUTION, ETC.
Place of publication, distribution, etc. New York :
Name of publisher, distributor, etc. Scholastic.
Date of publication, distribution, etc. 1991.
300 ## - PHYSICAL DESCRIPTION
Extent 20 leaves of plates :
Other physical details color illustrations :
Dimensions 23 x 27 cm.
505 ## - FORMATTED CONTENTS NOTE
Formatted contents note H
520 ## - SUMMARY, ETC.
Summary, etc. In prehistoric days there were many different kinds of dinosaurs, big and small, those with spikes and those with long, sharp teeth.
521 ## - TARGET AUDIENCE NOTE
Target audience note 520 <br/>
Source Lexile
521 ## - TARGET AUDIENCE NOTE
Target audience note H <br/>
Source Raz-Plus
650 #1 - SUBJECT ADDED ENTRY--TOPICAL TERM
Topical term or geographic name entry element Dinosaurs
General subdivision Fiction.
906 ## - LOCAL DATA ELEMENT F, LDF (RLIN)
a 7
b cbc
c orignew
d 1
e ocip
f 19
g y-gencatlg
942 ## - ADDED ENTRY ELEMENTS (KOHA)
Source of classification or shelving scheme Dewey Decimal Classification
Koha item type Books
Suppress in OPAC No
999 ## -
-- 470
-- 470
Holdings
Withdrawn status Lost status Source of classification or shelving scheme Damaged status Not for loan Collection Home library Current library Shelving location Date acquired Total Checkouts Full call number Barcode Date last seen Date last checked out Copy number Price effective from Koha item type
    Dewey Decimal Classification     Non-Fiction Footprints International School Library Network Toul Kork Campus Footprints International School Library Network Toul Kork Campus TK Primary Library Room(4th Floor), Bookcase 3&4, Shelves 17-32, Yellow Books 04/25/2023 3 BAR 567.9 PZ7.B2848 FISTK04190 03/13/2025 12/20/2024 1 04/25/2023 Books
    Dewey Decimal Classification     Non-Fiction Footprints International School Library Network Toul Kork Campus Footprints International School Library Network Toul Kork Campus TK Primary Library Room(4th Floor), Bookcase 3&4, Shelves 17-32, Yellow Books 04/04/2025   BAR 567.9 PZ7.B2848 FISBK06066 04/04/2025   5 04/04/2025 Books
    Dewey Decimal Classification     Non-Fiction Footprints International School Library Network Toul Tom Poung Campus Footprints International School Library Network Toul Tom Poung Campus TTP Primary Yellow Bookshelves 04/25/2023 4 BAR 567.9 PZ7.B2848 FISBK06039 04/08/2024 03/26/2024 2 04/25/2023 Books
    Dewey Decimal Classification     Non-Fiction Footprints International School Library Network Toul Tom Poung Campus Footprints International School Library Network Toul Tom Poung Campus TTP Primary Yellow Bookshelves 04/25/2023 1 BAR 567.9 PZ7.B2848 FISTK04191 06/17/2025 03/12/2024 3 04/25/2023 Books
    Dewey Decimal Classification     Non-Fiction Footprints International School Library Network Toul Tom Poung Campus Footprints International School Library Network Toul Tom Poung Campus TTP Primary Yellow Bookshelves 03/27/2025 1 BAR 567.9 PZ7.B2848 2025-0834 03/13/2026 02/27/2026 4 03/27/2025 Books
    Dewey Decimal Classification     Non-Fiction Footprints International School Library Network Toul Tom Poung Campus Footprints International School Library Network Toul Tom Poung Campus TTP Primary Yellow Bookshelves 08/14/2025   BAR 567.9 PZ7.B2848 FISTK02257 08/14/2025   6 08/14/2025 Books